The Face of Business (Record no. 3304)
[ view plain ]
| 000 -LEADER | |
|---|---|
| fixed length control field | 01284cam a22002054a 4500 |
| 005 - ΗΜΕΡΟΜΗΝΙΑ ΚΑΙ ΩΡΑ ΤΕΛΕΥΤΑΙΑΣ ΕΝΗΜΕΡΩΣΗΣ | |
| Πεδίο ελέγχου | 20250605164111.0 |
| 008 - FIXED-LENGTH DATA ELEMENTS--GENERAL INFORMATION | |
| Πεδίο ελέγχου σταθερού μήκους | 250528s ||||||||||||||||||||||||d |
| 035 ## - SYSTEM CONTROL NUMBER | |
| System control number | 17905 |
| 020 ## - ISBN | |
| ISBN | 814456014 |
| 040 ## - ΠΗΓΗ ΚΑΤΑΛΟΓΟΓΡΑΦΗΣΗΣ | |
| Φορέας πρωτότυπης καταλογογράφησης | MC Athens Campus Library |
| Γλώσσα καταλογογράφησης | Ελληνικά, Μοντέρνα (1453-) |
| Modifying agency | MC Athens Campus Library |
| Κανόνες περιγραφικής καταλογογράφησης | AACR2 |
| 245 1# - ΤΙΤΛΟΣ ΚΑΙ ΔΗΛΩΣΗ ΥΠΕΥΘΥΝΟΤΗΤΑΣ | |
| Τίτλος | The Face of Business |
| 260 ## - PUBLICATION, DISTRIBUTION, ETC. | |
| Name of publisher, distributor, etc. | Addison-Wesley Publishing Company, |
| Date of publication, distribution, etc. | 1980 |
| 300 ## - PHYSICAL DESCRIPTION | |
| Extent | 276 |
| 505 0# - FORMATTED CONTENTS NOTE | |
| Formatted contents note | Business, What is Business?, Business Management and Organization, Corporate Report Cards, Money Flow, Paying the Troops, Management and the Shareholders, The Corporation, Macro Organization, Staff Functions, Project Teams and Task Forces and Consultants, Top Management, People in Business, Training for Business, People, Benefits and Perquisites and Status Symbols, Tribal Mores and Taboos, Index. |
| 520 ## - SUMMARY, ETC. | |
| Summary, etc. | Business, What is Business?, Business Management and Organization, Corporate Report Cards, Money Flow, Paying the Troops, Management and the Shareholders, The Corporation, Macro Organization, Staff Functions, Project Teams and Task Forces and Consultants, Top Management, People in Business, Training for Business, People, Benefits and Perquisites and Status Symbols, Tribal Mores and Taboos, Index. |
| 700 1# - ΠΡΟΣΘΕΤΗ ΑΝΑΓΡΑΦΗ--ΦΥΣΙΚΟ ΠΡΟΣΩΠΟ | |
| Personal name | Meyer I. Henry |
| 9 (RLIN) | 4205 |
| 942 ## - ADDED ENTRY ELEMENTS (KOHA) | |
| Koha item type | Books |
| Τύπος τεκμηρίου | Βιβλιοθήκη | Τρέχουσα τοποθεσία | Barcode | Αριθμός εισαγωγής | Ημερομηνία απόκτησης | Ταξιθετικό σύμβολο | Αριθμός αντιτύπου | Κατάσταση απόσυρσης | Κατάσταση χαμένου | Κατάσταση κατεστραμμένου | Μη δανεισμός | Σύνολο δανεισμών | Ημερομηνία τελευταίας εμφάνισης | Η τιμή ισχύει από |
|---|---|---|---|---|---|---|---|---|---|---|---|---|---|---|
| Books | MC Athens Campus Library | MC Athens Campus Library | 9780000033031 | 1672 | 05/06/2025 | 658.4/00973 MEY | 1 | 05/06/2025 | 05/06/2025 |